• 首页
  • 本馆介绍
  • 公告通知
  • 最新文献
  • 馆藏检索
  • 电子资源
  • 读者荐购
  • 参考咨询
  • CALIS
  • 我的图书馆
  • 登录
  • 详细信息显示
  • 放入我的书架
  • 预约/预借图书
  • 作者相关作品
  • 分类相关作品
  • 丛书相关作品
  • 出版社相关作品

书目信息

  • 表格格式
  • 工作单格式
  • 卡片格式
题名:
3ds max 7 & lightscape 3.2电脑效果图必成攻略
    
 
作者: 徐丽东 编著
分册:  
出版信息: 北京   中国电力出版社  2005.03
页数: 280页
开本: 26cm
丛书名: 电脑建筑效果图铂金手册
单 册:
中图分类: TU201.4
科图分类:
主题词: 建筑艺术--jian zhu yi shu--建筑制图--计算机制图--图形软件
电子资源:
ISBN: 7-5083-2950-3
 
 
 
 
 
000 01271nam 2200337 450
001 CAL 012005041035
005 20050919095945.64
010    @a7-5083-2950-3@dCNY 63.00
010    @a7-900181-17-2
092    @bPJ05-10-041
099    @aCAL 012005041035
100    @a20050325d2005 ekmy0chiy0121 ea
101 0  @achi
102    @aCN@b110000
105    @aafk z 000yy
200 1  @a3ds max 7 & lightscape 3.2电脑效果图必成攻略@A3ds max 7 & lightscape 3.2 dian nao xiao guo tu bi cheng gong lue@f徐丽东编著
210    @a北京@c中国电力出版社@d2005.03
215    @a280页@c图 (部分彩图)@d26cm@e光盘2片
225 2  @a电脑建筑效果图铂金手册@Adian nao jian zhu xiao guo tu bo jin shou ce@i必成攻略类@e初级用户与进阶者的乐园
300    @a光盘1片
330    @a本书集光能传递高级光照系统,建筑专业建筑和动画巡游制作于一身,重点介绍电脑建筑效果图设计软件两大软件在建筑效果图制作方面的应用。
333    @a绘制技术和设计人员,效果图从业人员。
410  0 @12001 @a电脑建筑效果图铂金手册
606 0  @a建筑艺术@Ajian zhu yi shu@x建筑制图@x计算机制图@x图形软件
610 0  @a3DS MAX
690    @aTU201.4@v4
701  0 @a徐丽东@Axu li dong@4编著
801  0 @aCN@bXHSD@c20050919
905    @a10447@dTU201.4@eX750
906    @dCNY63.00 (含光盘@n0@r1
998    @aBJP
    
    3ds max 7 & lightscape 3.2电脑效果图必成攻略/徐丽东编著.-北京:中国电力出版社,2005.03
    280页:图 (部分彩图);26cm+光盘2片.-(电脑建筑效果图铂金手册.必成攻略类:初级用户与进阶者的乐园)
    光盘1片.-使用对象:绘制技术和设计人员,效果图从业人员。
    
    ISBN 7-5083-2950-3:CNY 63.00
    本书集光能传递高级光照系统,建筑专业建筑和动画巡游制作于一身,重点介绍电脑建筑效果图设计软件两大软件在建筑效果图制作方面的应用。
●
相关链接 在E读中查询图书 在当当中查询图书 在豆瓣中查询图书


正题名:3ds max 7 & lightscape 3.2电脑效果图必成     索取号:TU201.4/X750         预约/预借

序号 登录号 条形码 馆藏地/架位号 状态 备注
1 524843   205248436   自科二线404/404自科库 23排5列3层/ [索取号:TU201.4/X750] 在馆    
2 524844   205248445   自科二线404/404自科库 23排5列3层/ [索取号:TU201.4/X750] 在馆    
3 550346   205503463   建筑库101/101建筑库 36排2列5层/ [索取号:TU201.4/X750] 在馆    
4 550347   205503472   建筑库101/101建筑库 36排2列5层/ [索取号:TU201.4/X750] 在馆    
5 550348   205503481   自科二线404/404自科库 23排5列3层/ [索取号:TU201.4/X750] 在馆    
6 550349   205503490   建筑库101/101建筑库 36排2列1层/ [索取号:TU201.4/X750] 在馆    
7 550350   205503506   建筑库101/101建筑库 36排2列4层/ [索取号:TU201.4/X750] 在馆    
河南城建学院图书馆 欢迎您!
大连网信软件有限公司© 版权所有